00472nam a2200085Ia 4500008004100000245002000041300026100061650001600322856004800338170517s9999 xx 000 0 und d 4aThe Cancer Sell aThis film came about because Sarah Macdonald wanted to find out more, to investigate the alternative cancer treatments and the clinics behind them. At first it seemed easy enough. The facilities promote their services through glossy brochures and online... xTechnology. uhttp://topdocumentaryfilms.com/cancer-sell/